| 000 | 01140nam a2200301 a 4500 | ||
|---|---|---|---|
| 001 | BRL_1564 | ||
| 005 | 20190320211250.0 | ||
| 008 | 110314s1988----u--ao#####---#000-0#eng-# | ||
| 020 | _a0295967021 | ||
| 041 | _aeng | ||
| 044 | _au | ||
| 050 | 4 |
_aGT4823 _b.N85 1988 |
|
| 100 | 1 |
_aNunley, John W. _d1945- _q(John Wallace) _927291 |
|
| 245 | 1 | 0 |
_aCaribbean festival arts _beach and every bit of difference _cJohn W. Nunley and Judith Bettelheim ; special consultant Rex Nettleford ; with contributions by Barbara Bridges...[et al.] |
| 260 |
_aWashington _bUniversity of Washington _c1988 |
||
| 300 |
_a218 p. _bil., fotografías (a color), mapas _c29 cm. |
||
| 500 | _aAu1811 | ||
| 504 | _aBibliografía: p. 214. | ||
| 650 | 1 | 4 |
_aFestivales _vExposiciones _zCaribe (Región) _927292 |
| 650 | 1 | 4 |
_aAntillas _vExposiciones _xVida social y costumbres _927293 |
| 650 | 1 | 4 |
_aPrendas de vestir _vExposiciones _zCaribe (Región) _927294 |
| 700 | 1 |
_aBettelheim, Judith _d1944- _ecoaut. _927295 |
|
| 700 | 1 |
_aNettleford, Rex _927296 |
|
| 700 | 1 |
_aBridges, Barbara _927297 |
|
| 710 | 2 |
_aSt. Louis Art Museum _927298 |
|
| 902 | _aGRL | ||
| 942 |
_2lcc _cB |
||
| 999 |
_c10373 _d10373 |
||